Kỷ yếu hội thảo quốc tế "Nghiên cứu, đào tạo và thực hành Công tác xã hội tại Việt Nam: hiện trang và tương lai" Với sự tài trợ của tổ chức Radda Barnen

সংরক্ষণ করুন:
গ্রন্থ-পঞ্জীর বিবরন
বিন্যাস: গ্রন্থ
ভাষা:Vietnamese
প্রকাশিত: Tp. Hồ Chí Minh Trường Đại học mở Bán công Tp. Hồ Chí Minh 2001
বিষয়গুলি:
ট্যাগগুলো: ট্যাগ যুক্ত করুন
কোনো ট্যাগ নেই, প্রথমজন হিসাবে ট্যাগ করুন!
Thư viện lưu trữ: Trung tâm Học liệu Lê Vũ Hùng, Trường Đại học Đồng Tháp
LEADER 01091aam a22002418a 4500
001 00028434
005 20171026081023.0
008 120328s2001 ||||||viesd
041 0 # |a vie 
082 1 4 |a 361  |b K600Y 
245 1 0 |a Kỷ yếu hội thảo quốc tế "Nghiên cứu, đào tạo và thực hành Công tác xã hội tại Việt Nam: hiện trang và tương lai"  |b Với sự tài trợ của tổ chức Radda Barnen 
260 # # |a Tp. Hồ Chí Minh  |b Trường Đại học mở Bán công Tp. Hồ Chí Minh  |c 2001 
300 # # |a 124tr.  |c 29cm. 
650 # 4 |a Công tác xã hội  |z Việt Nam 
653 # # |a Nghiên cứu 
653 # # |a Thực hành 
653 # # |a Đào tạo 
852 # # |b Kho mượn  |j KM.0013271, KM.0013272, KM.0013273, KM.0013274, KM.0013275 
852 # # |b Kho đọc  |j KD.0013284 
852 # # |j KM.0013271  |j KM.0013272  |j KM.0013274  |j KM.0013275  |j KD.0013284  |j KM.0013273 
910 |d 28/03/2012 
980 # # |a Trung tâm Học liệu Lê Vũ Hùng, Trường Đại học Đồng Tháp